000 00702nam a22002177a 4500
999 _c341
_d341
003 AR-CdUCM
008 190223b ||||| |||| 00| 0 eng d
040 _aMUNICIPALIDAD PROVINCIAL DEL CUSCO
_cBIBLIOTECA MUNICIPAL DEL CUSCO
082 _a838.61 /
_bG57
100 _aGoethe, J. W.
_91388
245 _aWerther :
_bHerman y Dorotea /
260 _aMexico :
_bEditora Nacional ;
_c1972.
300 _a219 paginas;
_b8 ilustraciones.
_c17 cm.
505 _aWerther -- Herman y Dorotea -- Caliope -- Terpsicore -- Erato -- Melpomene ...
650 _aHerman
_91389
650 _aDorotea
_91390
650 _aWerther
_91391
650 _aLagrimas
_91392
942 _2ddc
_cLIBROS
945 _arum
_d2019-02-23